000 00971 a2200253 4500
999 _c11385
_d11385
020 _a9780852555019
050 0 0 _aLG 961
_bNGU 2011
100 1 _aThiong'o Wa Ngugi
_eauthor
245 1 0 _aDecolonising the mind :
_bThe politics of language in Africa literature /
_cNgugi Wa Thiong'o
264 _aNairobi :
_bHeinemann,
_c2011
300 _a114 pages
_billustrations
336 _2rdacontent
_atext
_btxt
337 _2rdamedia
_aunmediated
_bn
338 _2rdacarrier
_avolume
_bnc
504 _aIncludes bibliographical references (p. [168]-169).
650 0 _aLecturers
650 0 _aArt and literature
_xHistory.
650 0 _aSocial change
710 2 _aUniversity of Papua and New Guinea.
710 2 _aAustralian National University.
856 4 1 _3Table of contents
_uhttp://www.loc.gov/catdir/toc/fy0606/2006365336.html
942 _2lcc
_cBK
_h961
_iNGU
_kLG